Statistics for Enemies of North African Countries

Click here to take the quiz!

General Stats

  • This quiz has been taken 67 times
  • The average score is 21 of 29

Answer Stats

CountryEnemy% Correct
AlgeriaMorocco/France
96%
BeninNigeria
88%
MoroccoAlgeria
86%
GhanaNigeria
86%
South SudanSudan
84%
EthiopiaEgypt
82%
NigerFrance
80%
MauritaniaFrance
80%
MaliFrance
78%
Guinea-BissauUnited States
78%
SomaliaUnited States
78%
GuineaUnited States
78%
GambiaSenegal
76%
Central African RepublicSouth Sudan
76%
SudanSouth Sudan
76%
EritreaEthiopia
75%
LibyaItaly
75%
EgyptEthiopia
73%
SenegalGambia
71%
TogoGhana
71%
NigeriaGhana
71%
Sierra LeoneLiberia
67%
LiberiaSierra Leone
67%
TunisiaIsrael
65%
DjiboutiIsrael
65%
Burkina FasoIvory Coast
57%
Ivory CoastBurkina Faso
55%
CameroonIran
35%
Chad (Joke)U.S. Virgin Islands
18%

Score Distribution

Percentile by Number Answered

Percent of People with Each Score

Your Score History

You have not taken this quiz